|
|
|
|
| LEADER |
01338nam a2200337 a 4500 |
| 001 |
37987 |
| 003 |
BD-DhAAL |
| 005 |
20220307162737.0 |
| 008 |
220307t20142013nyua b 001 0 eng |
| 999 |
|
|
|c 43696
|d 43696
|
| 010 |
|
|
|a 2012031025
|
| 020 |
|
|
|a 9781594205309
|
| 040 |
|
|
|a DLC
|c DLC
|d DLC
|d BD-DhAAL
|
| 042 |
|
|
|a pcc
|
| 043 |
|
|
|a n-us---
|
| 050 |
0 |
0 |
|a HB3717 2008
|b .B55 2013
|
| 082 |
0 |
0 |
|a 330.973
|2 23
|
| 100 |
1 |
|
|a Blinder, Alan S.
|9 46583
|
| 245 |
1 |
0 |
|a After the music stopped :
|b the financial crisis, the response, and the work ahead /
|c Alan S. Blinder.
|
| 260 |
|
|
|a New York :
|b Penguin Press,
|c c2014
|
| 300 |
|
|
|a xiii, 504 pages:
|b illustrations ;
|c 21 cm.
|
| 504 |
|
|
|a Includes bibliographical references (p. [455]-462) and index.
|
| 541 |
|
|
|a Donated by Akbar Ali Khan
|e 37987
|
| 650 |
|
0 |
|a Global Financial Crisis, 2008-2009.
|9 46584
|
| 650 |
|
0 |
|a Financial crises
|z United States.
|9 46585
|
| 650 |
|
0 |
|a Finance
|z United States.
|9 46586
|
| 651 |
|
0 |
|a United States
|x Economic conditions
|y 2009-
|9 46587
|
| 651 |
|
0 |
|a United States
|x Economic policy
|y 2009-
|9 46588
|
| 852 |
|
|
|a Ayesha Abed Library
|c Akbar Ali Khan Collection
|
| 942 |
|
|
|2 ddc
|c BK
|
| 952 |
|
|
|0 0
|1 0
|2 ddc
|4 0
|6 330_973000000000000_BLI
|7 1
|9 70032
|a BRACUL
|b BRACUL
|c AAKC
|d 2022-03-07
|e Donated by Akbar Ali Khan
|l 0
|o 330.973 BLI
|p 3010037987
|r 2022-03-07
|t 1
|w 2022-03-07
|y BK
|